[Event "EuroTeams 2007"]
[Site "Crete, Greece"]
[Date "2007.10.28"]
[Round "1.9.4"]
[White "Manca, Federico"]
[Black "L'ami, Erwin"]
[Result "0-1"]
[WhiteElo "2405"]
[BlackElo "2577"]
[PlyCount "115"]
[EventDate "2007.10.28"]
[WhiteTeam "Italy"]
[BlackTeam "Netherlands"]
[WhiteTeamCountry "ITA"]
[BlackTeamCountry "NED"]

1. e4 e5 2. Nf3 Nc6 3. d4 exd4 4. Nxd4 Nf6 5. Nxc6 bxc6 6. e5 Qe7 7. Qe2 Nd5 8.
c4 Ba6 9. b3 O-O-O 10. g3 g5 11. Bg2 Bg7 12. Bb2 Rde8 13. O-O Bxe5 14. Qxe5
Qxe5 15. Bxe5 Rxe5 16. cxd5 Bxf1 17. Kxf1 cxd5 18. Nc3 c6 19. Rc1 Kd8 20. Na4
h5 21. Re1 f6 22. Nc5 Kc7 23. Nd3 Rxe1+ 24. Kxe1 h4 25. g4 Kd6 26. b4 a5 27. a3
axb4 28. axb4 Ra8 29. Kd2 Ra1 30. h3 Kc7 31. Kc3 Kb6 32. Bf3 d6 33. Kb2 Rg1 34.
Kc2 Kb5 35. Kb3 d4 36. Be4 Ra1 37. Kb2 Ra7 38. Kb3 Re7 39. Bf3 c5 40. bxc5 dxc5
41. Bd5 Re2 42. Bf7 Kc6 43. Bg6 Kd6 44. Bh7 Kd5 45. Bg8+ Kc6 46. Bf7 Kd6 47.
Bg6 Kd5 48. Bf7+ Ke4 49. Nxc5+ Kf3 50. Nd3 Kg2 51. Bd5+ Kxh3 52. Bf3 Rxf2 53.
Nxf2+ Kg3 54. Bc6 Kxf2 55. Kc2 h3 56. Kd3 h2 57. Kxd4 Kg1 0-1

[Event "EuroTeams 2007 (Women)"]
[Site "Crete, Greece"]
[Date "2007.10.28"]
[Round "1.1.2"]
[White "Igla, Bella"]
[Black "Kosintseva, Tatiana"]
[Result "0-1"]
[WhiteElo "2291"]
[BlackElo "2492"]
[PlyCount "78"]
[EventDate "2007.10.28"]
[WhiteTeam "Israel"]
[BlackTeam "Russia"]
[WhiteTeamCountry "ISR"]
[BlackTeamCountry "RUS"]

1. d4 Nf6 2. c4 e6 3. Nc3 Bb4 4. Qc2 O-O 5. Bg5 c5 6. dxc5 Na6 7. a3 Bxc3+ 8.
Qxc3 Nxc5 9. Bxf6 Qxf6 10. Qxf6 gxf6 11. b4 Na4 12. e3 b6 13. Nf3 Ba6 14. Kd2
Rfc8 15. Rc1 Nb2 16. c5 Bxf1 17. Rhxf1 bxc5 18. Kc3 Na4+ 19. Kb3 a5 20. Kxa4
axb4+ 21. Kb3 Rxa3+ 22. Kb2 c4 23. Ra1 c3+ 24. Kb1 Rxa1+ 25. Kxa1 b3 26. Nd4
Ra8+ 27. Kb1 Ra2 28. Rc1 e5 29. Rxc3 exd4 30. exd4 Rxf2 31. Rg3+ Kf8 32. h3 Ke7
33. Rg7 f5 34. Rxh7 Rxg2 35. Rh4 Kf6 36. Kc1 Kg5 37. Rh7 Kg6 38. Rh8 Rc2+ 39.
Kb1 f4 0-1

[Event "EuroTeams 2007 (Women)"]
[Site "Crete, Greece"]
[Date "2007.10.28"]
[Round "1.1.3"]
[White "Kosintseva, Nadezhda"]
[Black "Vasiliev, Olga"]
[Result "1-0"]
[WhiteElo "2469"]
[BlackElo "2214"]
[PlyCount "113"]
[EventDate "2007.10.28"]
[WhiteTeam "Russia"]
[BlackTeam "Israel"]
[WhiteTeamCountry "RUS"]
[BlackTeamCountry "ISR"]

1. e4 c5 2. Nf3 Nc6 3. Bb5 e5 4. Bxc6 dxc6 5. O-O Bd6 6. d3 Ne7 7. Nbd2 Ng6 8.
Nc4 O-O 9. Be3 b6 10. a4 a5 11. Nxd6 Qxd6 12. Nd2 Be6 13. Qe2 Rfd8 14. b3 b5
15. Rfd1 f6 16. f3 Nf8 17. Qf2 Nd7 18. Nf1 Qe7 19. Qe1 c4 20. bxc4 bxc4 21. d4
exd4 22. Bxd4 Bf7 23. Ne3 Ne5 24. Qc3 Qb4 25. Bxe5 fxe5 26. Qxe5 Re8 27. Qd4 c5
28. Qd2 Qb6 29. Nd5 Bxd5 30. Qxd5+ Kh8 31. Rab1 Qf6 32. Qxc4 Qg5 33. Rb3 Rac8
34. Rbd3 h6 35. Qc3 c4 36. Rd5 Qf4 37. Rxa5 Rcd8 38. Rad5 Rxd5 39. Rxd5 Rb8 40.
Rd1 Qc7 41. Qd4 Ra8 42. e5 Rxa4 43. Qd8+ Qxd8 44. Rxd8+ Kh7 45. e6 Ra7 46. Rc8
Re7 47. Rxc4 Rxe6 48. Kf2 Kg6 49. Re4 Rc6 50. c4 Kf6 51. h4 Rd6 52. Ke3 Rd1 53.
c5 g5 54. hxg5+ hxg5 55. Rc4 Ke7 56. c6 Kd8 57. Rd4+ 1-0

[Event "EuroTeams 2007 (Women)"]
[Site "Crete, Greece"]
[Date "2007.10.28"]
[Round "1.1.4"]
[White "Atnilov, Bela"]
[Black "Kovalevskaya, Ekaterina"]
[Result "1/2-1/2"]
[WhiteElo "2170"]
[BlackElo "2448"]
[PlyCount "120"]
[EventDate "2007.10.28"]
[WhiteTeam "Israel"]
[BlackTeam "Russia"]
[WhiteTeamCountry "ISR"]
[BlackTeamCountry "RUS"]

1. e4 e5 2. Nf3 Nc6 3. Bb5 a6 4. Ba4 Nf6 5. O-O Be7 6. Bxc6 dxc6 7. d3 Nd7 8.
Nbd2 f6 9. Nh4 Nf8 10. Nc4 Be6 11. Nf5 Bxf5 12. exf5 Qd7 13. Qg4 g6 14. Ne3
O-O-O 15. fxg6 hxg6 16. Qxd7+ Rxd7 17. Ng4 Ne6 18. Be3 Ng7 19. f4 exf4 20. Bxf4
Nh5 21. Rae1 Nxf4 22. Rxf4 f5 23. Ne5 Bc5+ 24. Kf1 Rg7 25. h3 Bd6 26. Rf3 Re8
27. Nc4 Rxe1+ 28. Kxe1 Kd7 29. Nxd6 cxd6 30. Re3 g5 31. Kf2 c5 32. Kf3 Rh7 33.
Kf2 Rg7 34. Kf3 Rg8 35. Re2 Rh8 36. Re3 b5 37. Kf2 Rg8 38. Rg3 Ke6 39. h4 Kf6
40. hxg5+ Rxg5 41. Rxg5 Kxg5 42. Kf3 d5 43. c3 c4 44. d4 f4 45. a3 Kf5 46. Kf2
Kg4 47. Ke2 Kg3 48. Kf1 a5 49. Kg1 f3 50. gxf3 Kxf3 51. Kf1 Ke3 52. Ke1 b4 53.
axb4 axb4 54. cxb4 Kxd4 55. Kd2 Ke5 56. b3 Kd4 57. bxc4 Kxc4 58. b5 Kxb5 59.
Kd3 Kc5 60. Kc3 d4+ 1/2-1/2

[Event "EuroTeams 2007 (Women)"]
[Site "Crete, Greece"]
[Date "2007.10.28"]
[Round "1.2.2"]
[White "Javakhishvili, Lela"]
[Black "Daulyte, Deimante"]
[Result "0-1"]
[WhiteElo "2474"]
[BlackElo "2222"]
[PlyCount "86"]
[EventDate "2007.10.28"]
[WhiteTeam "Georgia"]
[BlackTeam "Lithuania"]
[WhiteTeamCountry "GEO"]
[BlackTeamCountry "LTU"]

1. g3 g6 2. Bg2 Bg7 3. e4 c5 4. Ne2 Nc6 5. c3 e5 6. d3 d6 7. a3 Nge7 8. b4 a6
9. Be3 b6 10. O-O O-O 11. Nd2 Be6 12. Nf3 cxb4 13. axb4 d5 14. Ng5 Bg4 15. f3
Bd7 16. Qb3 h6 17. exd5 Nf5 18. Bf2 hxg5 19. dxc6 Bxc6 20. Rad1 Qc7 21. Qc4 Qb7
22. Qg4 Bf6 23. d4 Nh6 24. Qh3 Bxf3 25. Bxf3 Qxf3 26. Qxh6 e4 27. Nc1 e3 28.
Rd3 exf2+ 29. Rxf2 Qc6 30. Ne2 a5 31. bxa5 Rxa5 32. d5 Qc4 33. Rdf3 Ra1+ 34.
Kg2 Qe4 35. g4 Qxg4+ 36. Ng3 Bg7 37. Qh3 Qa4 38. Rxf7 Rxf7 39. Qc8+ Rf8 40.
Qe6+ Kh7 41. Rxf8 Bxf8 42. Ne4 Qc2+ 43. Kh3 Qd3+ 0-1

[Event "EuroTeams 2007 (Women)"]
[Site "Crete, Greece"]
[Date "2007.10.28"]
[Round "1.2.3"]
[White "Zaksaite, Salomeja"]
[Black "Dzagnidze, Nana"]
[Result "1/2-1/2"]
[WhiteElo "2228"]
[BlackElo "2416"]
[PlyCount "61"]
[EventDate "2007.10.28"]
[WhiteTeam "Lithuania"]
[BlackTeam "Georgia"]
[WhiteTeamCountry "LTU"]
[BlackTeamCountry "GEO"]

1. e4 c5 2. Nf3 d6 3. d4 cxd4 4. Nxd4 Nf6 5. Nc3 e6 6. Bc4 Be7 7. Be3 O-O 8.
Qe2 d5 9. exd5 exd5 10. Bb3 Nc6 11. O-O Re8 12. Qd1 h6 13. a3 Na5 14. Ba2 Bg4
15. f3 Bh5 16. Nf5 Nc4 17. Bd4 Nxb2 18. Qb1 Nc4 19. Qxb7 Bg6 20. Nxe7+ Rxe7 21.
Bxf6 Rxb7 22. Bxd8 Rxd8 23. Nxd5 Nxa3 24. c4 Kf8 25. c5 Rc8 26. Nf4 Nc2 27. Bd5
Rbc7 28. Nxg6+ fxg6 29. Ra4 Rxc5 30. Be4 Ne3 31. Rfa1 1/2-1/2

[Event "EuroTeams 2007 (Women)"]
[Site "Crete, Greece"]
[Date "2007.10.28"]
[Round "1.2.4"]
[White "Lomineishvili, Maia"]
[Black "Batyte, Daiva"]
[Result "1-0"]
[WhiteElo "2409"]
[BlackElo "2198"]
[PlyCount "93"]
[EventDate "2007.10.28"]
[WhiteTeam "Georgia"]
[BlackTeam "Lithuania"]
[WhiteTeamCountry "GEO"]
[BlackTeamCountry "LTU"]

1. d4 Nf6 2. c4 e6 3. Nf3 b6 4. a3 a5 5. Nc3 Bb7 6. Bg5 Be7 7. Nd2 d5 8. e3
Nbd7 9. Qc2 h6 10. Bh4 c5 11. cxd5 Nxd5 12. Bxe7 Qxe7 13. dxc5 Qxc5 14. Nde4
Qc7 15. Bd3 Nxc3 16. Nxc3 O-O 17. O-O Rac8 18. Rac1 Ne5 19. Be2 Qc6 20. e4 Ng6
21. Rfd1 Rfd8 22. Qb3 Nf4 23. Bf1 Rxd1 24. Rxd1 Qc5 25. Qb5 Bc6 26. Qxc5 bxc5
27. Rd6 Kf8 28. g3 Ng6 29. Ba6 Rc7 30. Bb5 Ne5 31. Bxc6 Nxc6 32. Nb5 Ke7 33.
Rxe6+ fxe6 34. Nxc7 Nd4 35. Na8 Nf3+ 36. Kg2 Nd2 37. Nb6 Nxe4 38. Nc4 Nd6 39.
Nxa5 Kd7 40. Kf3 g5 41. Ke3 Kc7 42. Kd3 g4 43. Nc4 Nf5 44. Ne3 h5 45. Nxf5 exf5
46. Kc4 Kc6 47. b4 1-0

[Event "EuroTeams 2007 (Women)"]
[Site "Crete, Greece"]
[Date "2007.10.28"]
[Round "1.3.2"]
[White "Kadimova, Ilaha"]
[Black "Zhukova, Natalia"]
[Result "1/2-1/2"]
[WhiteElo "2311"]
[BlackElo "2452"]
[PlyCount "78"]
[EventDate "2007.10.28"]
[WhiteTeam "Azerbaijan"]
[BlackTeam "Ukraine"]
[WhiteTeamCountry "AZE"]
[BlackTeamCountry "UKR"]

1. d4 d5 2. c4 c6 3. e3 Bf5 4. Nc3 e6 5. Nf3 Bd6 6. Bd3 Nf6 7. O-O Bg6 8. Re1
Ne4 9. Qb3 Qe7 10. Bxe4 dxe4 11. Nd2 f5 12. c5 Bc7 13. Nc4 O-O 14. Bd2 Bh5 15.
Ne2 Bxe2 16. Rxe2 Na6 17. Ba5 Bxa5 18. Nxa5 Rab8 19. Qc4 Nc7 20. Qc2 Nd5 21.
Nc4 Rf6 22. Ne5 Rh6 23. f3 exf3 24. Nxf3 Nf6 25. Rf1 Rd8 26. g3 Ne4 27. Nd2
Nxd2 28. Rxd2 Rf6 29. Qc4 Kh8 30. Rdf2 Rff8 31. Kg2 g6 32. e4 fxe4 33. Rxf8+
Rxf8 34. Rxf8+ Qxf8 35. Qxe6 Qf3+ 36. Kg1 e3 37. Qe8+ Kg7 38. Qe7+ Kg8 39. Qe8+
Kg7 1/2-1/2

[Event "EuroTeams 2007 (Women)"]
[Site "Crete, Greece"]
[Date "2007.10.28"]
[Round "1.3.3"]
[White "Ushenina, Anna"]
[Black "Mamedjarova, Turkan"]
[Result "0-1"]
[WhiteElo "2486"]
[BlackElo "2250"]
[PlyCount "64"]
[EventDate "2007.10.28"]
[WhiteTeam "Ukraine"]
[BlackTeam "Azerbaijan"]
[WhiteTeamCountry "UKR"]
[BlackTeamCountry "AZE"]

1. d4 d6 2. e4 e5 3. dxe5 dxe5 4. Qxd8+ Kxd8 5. Bc4 f6 6. c3 c6 7. Nf3 Nd7 8.
Nfd2 b5 9. Be2 Nc5 10. b4 Na4 11. Nb3 Be6 12. O-O Kc7 13. Be3 Ne7 14. Nc5 Nxc5
15. bxc5 f5 16. f3 Ng6 17. exf5 Bxf5 18. g3 Ne7 19. Bf2 Nd5 20. c4 Nb4 21. Nc3
Nc2 22. Rad1 Nd4 23. cxb5 Bxc5 24. bxc6 Bh3 25. Rfe1 a6 26. Rb1 Rab8 27. Rxb8
Rxb8 28. Bd1 Rb2 29. Ne4 Bb4 30. Re3 Rb1 31. Rd3 Nxf3+ 32. Kh1 Bf5 0-1

[Event "EuroTeams 2007 (Women)"]
[Site "Crete, Greece"]
[Date "2007.10.28"]
[Round "1.3.4"]
[White "Umudova, Nargiz"]
[Black "Vasilevich, Tatjana"]
[Result "1-0"]
[WhiteElo "2188"]
[BlackElo "2368"]
[PlyCount "119"]
[EventDate "2007.10.28"]
[WhiteTeam "Azerbaijan"]
[BlackTeam "Ukraine"]
[WhiteTeamCountry "AZE"]
[BlackTeamCountry "UKR"]

1. e4 c5 2. Nf3 e6 3. d3 Nc6 4. g3 g6 5. Bg2 Bg7 6. O-O Nge7 7. c3 O-O 8. Re1
e5 9. Nbd2 d6 10. a3 h6 11. b4 Be6 12. Rb1 Qd7 13. Nb3 b6 14. Be3 f5 15. b5 Na5
16. Nxa5 bxa5 17. Qa4 f4 18. Bc1 g5 19. Bb2 Ng6 20. Qxa5 Bh3 21. Qa4 Bxg2 22.
Kxg2 fxg3 23. fxg3 Qg4 24. Ng1 Rf7 25. Rf1 Raf8 26. Rxf7 Rxf7 27. Qd1 Qe6 28.
c4 Nf8 29. a4 Bf6 30. a5 Bd8 31. Bc3 Qg6 32. Qd2 Ne6 33. Rf1 Rh7 34. Qf2 h5 35.
Qf5 Qe8 36. a6 Rh6 37. Qf2 h4 38. Qf3 hxg3 39. hxg3 Qg6 40. Qg4 Qh7 41. Nf3 Rg6
42. Kf2 Qf7 43. Rh1 Qg7 44. Ke2 Rf6 45. Rh2 Rg6 46. Ne1 Qd7 47. Qh5 Qg7 48. Nc2
Nf8 49. Ne3 g4 50. Nf5 Qf6 51. Nh6+ Rxh6 52. Qxh6 Qf3+ 53. Kd2 Qxg3 54. Kc2 Qf4
55. Qh8+ Kf7 56. Bd2 Qf3 57. Qh5+ Kg8 58. Bh6 Be7 59. Bxf8 Kxf8 60. b6 1-0

[Event "EuroTeams 2007 (Women)"]
[Site "Crete, Greece"]
[Date "2007.10.28"]
[Round "1.4.1"]
[White "Nemcova, Katerina"]
[Black "Collas, Silvia"]
[Result "1-0"]
[WhiteElo "2255"]
[BlackElo "2408"]
[PlyCount "103"]
[EventDate "2007.10.28"]
[WhiteTeam "Czech Republic"]
[BlackTeam "France"]
[WhiteTeamCountry "CZE"]
[BlackTeamCountry "FRA"]

1. e4 c5 2. Nf3 d6 3. d4 cxd4 4. Nxd4 Nf6 5. Nc3 a6 6. Be2 e5 7. Nb3 Be7 8. O-O
O-O 9. Be3 Be6 10. Nd5 Nbd7 11. f3 Bxd5 12. exd5 Nh5 13. a4 Bg5 14. Bf2 Nf4 15.
Kh1 Rc8 16. c3 Nf6 17. c4 Re8 18. Be3 N6h5 19. Rc1 Qf6 20. Rc3 Qh6 21. Bf2 Nxe2
22. Qxe2 Bf4 23. Qe1 e4 24. fxe4 Qg6 25. Nd2 Bxd2 26. Qxd2 Rxe4 27. c5 dxc5 28.
Bxc5 Qg4 29. Be3 Rd8 30. d6 Nf6 31. Rd3 Re6 32. Qd1 Qb4 33. Bd2 Qc4 34. Bf4 Nd7
35. Rc3 Qb4 36. Rb3 Qxa4 37. Rxb7 Qe4 38. Rc7 Rg6 39. Qd2 h6 40. Qc2 Qd4 41.
Bg3 h5 42. Rxd7 Rxd7 43. Qc8+ Kh7 44. Qxd7 Rf6 45. Re1 h4 46. Qh3 g5 47. Be5
Qe4 48. Rd1 Qe2 49. Rg1 Rf1 50. Bd4 Rxg1+ 51. Bxg1 Kg6 52. Qe3 1-0

[Event "EuroTeams 2007 (Women)"]
[Site "Crete, Greece"]
[Date "2007.10.28"]
[Round "1.4.2"]
[White "Milliet, Sophie"]
[Black "Blazkova, Petra"]
[Result "1-0"]
[WhiteElo "2395"]
[BlackElo "2239"]
[PlyCount "61"]
[EventDate "2007.10.28"]
[WhiteTeam "France"]
[BlackTeam "Czech Republic"]
[WhiteTeamCountry "FRA"]
[BlackTeamCountry "CZE"]

1. e4 e6 2. d4 d5 3. e5 c5 4. c3 Qb6 5. Nf3 Bd7 6. a3 cxd4 7. cxd4 Bb5 8. Bxb5+
Qxb5 9. Nc3 Qa6 10. Ne2 Ne7 11. O-O Nec6 12. Nf4 Be7 13. Nh5 g6 14. Nf6+ Bxf6
15. exf6 Nd7 16. Bh6 Rg8 17. Bg7 Qb6 18. Qd2 Na5 19. Qh6 O-O-O 20. Ng5 Nb3 21.
Rad1 Nxd4 22. Nxf7 Nf5 23. Qxh7 Rdf8 24. Nh6 Qd8 25. Nxg8 Rxg8 26. Rfe1 Nxg7
27. fxg7 Qe8 28. Rxd5 Qf7 29. Rc1+ Kd8 30. Qh4+ Qe7 31. Rxd7+ 1-0

[Event "EuroTeams 2007 (Women)"]
[Site "Crete, Greece"]
[Date "2007.10.28"]
[Round "1.4.3"]
[White "Cedikova, Katerina"]
[Black "Leconte, Maria"]
[Result "0-1"]
[WhiteElo "2171"]
[BlackElo "2364"]
[PlyCount "78"]
[EventDate "2007.10.28"]
[WhiteTeam "Czech Republic"]
[BlackTeam "France"]
[WhiteTeamCountry "CZE"]
[BlackTeamCountry "FRA"]

1. d4 Nf6 2. c4 e6 3. Nf3 Bb4+ 4. Bd2 c5 5. e3 d6 6. Bd3 Nc6 7. O-O Bxd2 8.
Nbxd2 O-O 9. Qe2 e5 10. dxc5 dxc5 11. Ne4 Qe7 12. Rad1 Bf5 13. Nxf6+ Qxf6 14.
Bxf5 Qxf5 15. Rd5 b6 16. Rfd1 Rfe8 17. b3 Re6 18. Qd2 Qf6 19. h3 h6 20. Nh2
Rae8 21. f3 e4 22. f4 Nb4 23. Rd7 Nd3 24. Rxa7 Qd8 25. Qe2 Rd6 26. Rb1 Qb8 27.
Ra4 Red8 28. Nf1 g5 29. fxg5 Rg6 30. gxh6 Kh7 31. a3 Rdg8 32. g4 f5 33. b4 fxg4
34. h4 cxb4 35. axb4 Ne5 36. Rd1 Nf3+ 37. Kh1 g3 38. Rd7+ Kxh6 39. Qg2 Rg4 0-1

[Event "EuroTeams 2007 (Women)"]
[Site "Crete, Greece"]
[Date "2007.10.28"]
[Round "1.4.4"]
[White "Flear, Christine"]
[Black "Hodova, Lucie"]
[Result "1/2-1/2"]
[WhiteElo "2149"]
[BlackElo "2089"]
[PlyCount "81"]
[EventDate "2007.10.28"]
[WhiteTeam "France"]
[BlackTeam "Czech Republic"]
[WhiteTeamCountry "FRA"]
[BlackTeamCountry "CZE"]

1. d4 Nf6 2. c4 c5 3. d5 e6 4. Nc3 exd5 5. cxd5 d6 6. Nf3 g6 7. Bf4 Bg7 8. Qa4+
Bd7 9. Qb3 Qc7 10. h3 O-O 11. e3 Re8 12. Nd2 Nh5 13. Bh2 Be5 14. Bxe5 Rxe5 15.
Be2 Nf6 16. O-O Na6 17. e4 Re7 18. f4 c4 19. Qa3 Nc5 20. e5 Ne8 21. Bxc4 dxe5
22. Nde4 Rc8 23. d6 Nxd6 24. Nd5 Nxc4 25. Nxe7+ Kf8 26. Qb4 Kxe7 27. Qxc4 Be6
28. Qxc5+ Qxc5+ 29. Nxc5 Rxc5 30. fxe5 Rxe5 31. Rac1 Bd5 32. Rfe1 Kd6 33. Rxe5
Kxe5 34. b3 h5 35. h4 Kf4 36. Kf2 Ke5 37. g3 Kd4 38. Ke2 Ke4 39. Rc8 Ke5 40.
Ra8 a6 41. Rd8 1/2-1/2

[Event "EuroTeams 2007 (Women)"]
[Site "Crete, Greece"]
[Date "2007.10.28"]
[Round "1.5.1"]
[White "Hoang, Thanh Trang"]
[Black "Atalik, Ekaterina"]
[Result "1/2-1/2"]
[WhiteElo "2466"]
[BlackElo "2404"]
[PlyCount "96"]
[EventDate "2007.10.28"]
[WhiteTeam "Hungary"]
[BlackTeam "Turkey"]
[WhiteTeamCountry "HUN"]
[BlackTeamCountry "TUR"]

1. d4 d5 2. c4 e6 3. Nc3 Bb4 4. Qa4+ Nc6 5. a3 Bxc3+ 6. bxc3 Nf6 7. Nf3 Ne4 8.
Qc2 O-O 9. e3 b6 10. Bd3 Ba6 11. O-O Na5 12. Bxe4 dxe4 13. Qxe4 Bxc4 14. Re1 f5
15. Qf4 Bd5 16. Ne5 Nc4 17. f3 Qd6 18. Nd3 Qxf4 19. Nxf4 Nd6 20. a4 Rfe8 21. a5
Bc4 22. Ba3 Nb5 23. Bb2 Rab8 24. Ra4 Nd6 25. axb6 axb6 26. Rea1 e5 27. dxe5
Rxe5 28. Ra8 Rxa8 29. Rxa8+ Kf7 30. Ra7 Re7 31. Kf2 g5 32. Nh5 Rd7 33. Ke1 Re7
34. Kf2 c5 35. Rxe7+ Kxe7 36. Ng3 Ke6 37. e4 fxe4 38. Nxe4 Nxe4+ 39. fxe4 Ke5
40. Ke3 Bf1 41. g3 Bg2 42. h4 gxh4 43. gxh4 Bxe4 44. c4+ Kf5 45. Bg7 Bg2 46.
Kd3 Bf1+ 47. Kc3 h5 48. Bh6 Be2 1/2-1/2

[Event "EuroTeams 2007 (Women)"]
[Site "Crete, Greece"]
[Date "2007.10.28"]
[Round "1.5.2"]
[White "Topel, Zehra"]
[Black "Vajda, Szidonia"]
[Result "1/2-1/2"]
[WhiteElo "2246"]
[BlackElo "2407"]
[PlyCount "56"]
[EventDate "2007.10.28"]
[WhiteTeam "Turkey"]
[BlackTeam "Hungary"]
[WhiteTeamCountry "TUR"]
[BlackTeamCountry "HUN"]

1. d4 Nf6 2. c4 e6 3. Nf3 d5 4. Nc3 c5 5. cxd5 Nxd5 6. e4 Nxc3 7. bxc3 cxd4 8.
cxd4 Bb4+ 9. Bd2 Bxd2+ 10. Qxd2 O-O 11. Be2 b6 12. O-O Bb7 13. Qe3 Nd7 14. Nd2
Rc8 15. Rac1 Qe7 16. a3 Rfd8 17. Bf3 Nf8 18. Rfd1 Rxc1 19. Rxc1 Qd7 20. Nb3 Qa4
21. h3 Qxa3 22. Ra1 Qb4 23. Rxa7 Bc6 24. e5 Ba4 25. Qf4 Be8 26. Qe3 Ba4 27. Qf4
Be8 28. Qe3 Ba4 1/2-1/2

[Event "EuroTeams 2007 (Women)"]
[Site "Crete, Greece"]
[Date "2007.10.28"]
[Round "1.6.1"]
[White "Houska, Jovanka"]
[Black "Socko, Monika"]
[Result "0-1"]
[WhiteElo "2404"]
[BlackElo "2473"]
[PlyCount "102"]
[EventDate "2007.10.28"]
[WhiteTeam "England"]
[BlackTeam "Poland"]
[WhiteTeamCountry "ENG"]
[BlackTeamCountry "POL"]

1. e4 e6 2. d4 d5 3. Nd2 Nf6 4. e5 Nfd7 5. Bd3 c5 6. c3 Nc6 7. Ne2 Qb6 8. Nf3
cxd4 9. cxd4 f6 10. exf6 Nxf6 11. O-O Bd6 12. b3 O-O 13. Bf4 Bxf4 14. Nxf4 Bd7
15. Re1 Rae8 16. Rc1 Nxd4 17. Nxd4 e5 18. Nxd5 Qxd4 19. Nxf6+ Rxf6 20. Bc4+ Kf8
21. Qe2 Bc6 22. Rcd1 Qf4 23. Rd3 Rh6 24. h3 Rg6 25. Rg3 Rd6 26. Re3 Rg6 27. g3
Qh4 28. Kh2 Qf6 29. f4 Rxg3 30. fxe5 Rxe3 31. Qxe3 Rxe5 32. Qd2 Rxe1 33. Qxe1
g5 34. Qf1 Qf4+ 35. Qxf4+ gxf4 36. h4 Kg7 37. Kh3 Bd7+ 38. Kg2 Bg4 39. Bd5 b6
40. Bf3 Bf5 41. Be2 Kf6 42. b4 Be4+ 43. Kh3 Ke5 44. Ba6 Bb1 45. a4 Ke4 46. h5
Ke3 47. Kg4 Bc2 48. a5 bxa5 49. bxa5 h6 50. Bf1 Bd1+ 51. Kh4 Be2 0-1

[Event "EuroTeams 2007 (Women)"]
[Site "Crete, Greece"]
[Date "2007.10.28"]
[Round "1.6.2"]
[White "Rajlich, Iweta"]
[Black "Ciuksyte, Dagne"]
[Result "1-0"]
[WhiteElo "2411"]
[BlackElo "2411"]
[PlyCount "67"]
[EventDate "2007.10.28"]
[WhiteTeam "Poland"]
[BlackTeam "England"]
[WhiteTeamCountry "POL"]
[BlackTeamCountry "ENG"]

1. d4 Nf6 2. c4 e6 3. Nc3 Bb4 4. Qc2 O-O 5. Nf3 c5 6. dxc5 Na6 7. g3 Nxc5 8.
Bg2 Nce4 9. O-O Nxc3 10. bxc3 Be7 11. e4 d6 12. e5 dxe5 13. Nxe5 Qc7 14. Qe2
Bd6 15. Bf4 Ne8 16. c5 Qxc5 17. c4 f6 18. Nd3 Qc7 19. Bd2 Qf7 20. Rfd1 Nc7 21.
Rac1 Rb8 22. c5 Be7 23. Nb4 a5 24. Nd3 Nb5 25. Bxa5 Nd4 26. Qb2 e5 27. Nf4 exf4
28. Rxd4 fxg3 29. hxg3 Kh8 30. c6 Ra8 31. cxb7 Bxb7 32. Qxb7 Rxa5 33. Bd5 Qe8
34. Re1 1-0

[Event "EuroTeams 2007 (Women)"]
[Site "Crete, Greece"]
[Date "2007.10.28"]
[Round "1.6.3"]
[White "Lauterbach, Ingrid"]
[Black "Zawadzka, Jolanta"]
[Result "0-1"]
[WhiteElo "2124"]
[BlackElo "2371"]
[PlyCount "114"]
[EventDate "2007.10.28"]
[WhiteTeam "England"]
[BlackTeam "Poland"]
[WhiteTeamCountry "ENG"]
[BlackTeamCountry "POL"]

1. e4 c5 2. Nf3 Nc6 3. Bb5 g6 4. Bxc6 dxc6 5. d3 Bg7 6. h3 e5 7. Nc3 Qe7 8. Be3
Nf6 9. Qd2 O-O 10. Bh6 b5 11. Bxg7 Kxg7 12. O-O a5 13. a3 h6 14. Nh2 g5 15. Ne2
Kh7 16. Ng3 Be6 17. f3 Ne8 18. Ng4 f6 19. Qc3 Ng7 20. Ne3 Rfd8 21. Nef5 Bxf5
22. Nxf5 Nxf5 23. exf5 Rd4 24. Rae1 Qd6 25. Re4 Kg7 26. Rfe1 b4 27. Qb3 a4 28.
Qa2 Qd7 29. Kf1 b3 30. cxb3 Qd5 31. Rxd4 Qxd4 32. Qb1 axb3 33. Re4 Qd7 34. Qd1
Rb8 35. Qc1 Qxd3+ 36. Kf2 Qc2+ 37. Qxc2 bxc2 38. Rc4 Rxb2 39. Kg3 Kf7 40. Rxc5
Ke7 41. Rxc6 Kd7 42. Rc3 e4 43. fxe4 Rb3 44. Rxb3 c1=Q 45. Rf3 Qe1+ 46. Kh2
Qxe4 47. Kg3 h5 48. Kh2 g4 49. hxg4 hxg4 50. Rf1 Qe5+ 51. g3 Qb2+ 52. Kg1 Qxa3
53. Kg2 Kd6 54. Rf4 Qb2+ 55. Kg1 Qe2 56. Rf2 Qe3 57. Kf1 Qxg3 0-1

[Event "EuroTeams 2007 (Women)"]
[Site "Crete, Greece"]
[Date "2007.10.28"]
[Round "1.6.4"]
[White "Dworakowska, Joanna"]
[Black "Grigoryan-Lyell, Meri"]
[Result "1-0"]
[WhiteElo "2316"]
[BlackElo "2040"]
[PlyCount "49"]
[EventDate "2007.10.28"]
[WhiteTeam "Poland"]
[BlackTeam "England"]
[WhiteTeamCountry "POL"]
[BlackTeamCountry "ENG"]

1. d4 d5 2. c4 e5 3. dxe5 d4 4. Nf3 Nc6 5. g3 Be6 6. Nbd2 Qd7 7. Bg2 Bb4 8. O-O
Nge7 9. Ne4 Ng6 10. Qc2 Bf5 11. Rd1 Ngxe5 12. Nxe5 Nxe5 13. c5 O-O-O 14. a3 d3
15. exd3 Nxd3 16. Be3 Ba5 17. b4 Rhe8 18. f3 Bg6 19. bxa5 f5 20. a6 Re6 21.
Nd6+ cxd6 22. cxd6+ Kb8 23. Rxd3 f4 24. Qc7+ Qxc7 25. dxc7+ 1-0

[Event "EuroTeams 2007 (Women)"]
[Site "Crete, Greece"]
[Date "2007.10.28"]
[Round "1.7.1"]
[White "Paehtz, Elisabeth"]
[Black "Golubenko, Valentina"]
[Result "1/2-1/2"]
[WhiteElo "2452"]
[BlackElo "2264"]
[PlyCount "50"]
[EventDate "2007.10.28"]
[WhiteTeam "Germany"]
[BlackTeam "Croatia"]
[WhiteTeamCountry "GER"]
[BlackTeamCountry "CRO"]

1. e4 d5 2. exd5 Nf6 3. Nf3 Nxd5 4. d4 g6 5. c4 Nb6 6. c5 Nd5 7. Qb3 Bg7 8. Bc4
c6 9. Nc3 O-O 10. a4 Nxc3 11. bxc3 b6 12. cxb6 axb6 13. Ng5 e6 14. Rb1 c5 15.
O-O cxd4 16. cxd4 Nc6 17. Qf3 Bd7 18. Qh3 h6 19. Nxe6 Qc8 20. d5 Nd4 21. Qd3
fxe6 22. Ba3 Rf5 23. Rfc1 Qd8 24. Qe4 Qg5 25. h4 Qd2 {94 moves} 1/2-1/2

[Event "EuroTeams 2007 (Women)"]
[Site "Crete, Greece"]
[Date "2007.10.28"]
[Round "1.7.2"]
[White "Medic, Mirjana"]
[Black "Kachiani-G, Ketino"]
[Result "0-1"]
[WhiteElo "2240"]
[BlackElo "2404"]
[PlyCount "60"]
[EventDate "2007.10.28"]
[WhiteTeam "Croatia"]
[BlackTeam "Germany"]
[WhiteTeamCountry "CRO"]
[BlackTeamCountry "GER"]

1. d4 Nf6 2. c4 g6 3. g3 Bg7 4. Bg2 O-O 5. Nc3 d6 6. Nf3 Nbd7 7. O-O e5 8. h3
Re8 9. e4 exd4 10. Nxd4 a6 11. Re1 Rb8 12. Be3 Ne5 13. b3 c5 14. Nc2 b5 15.
cxb5 axb5 16. f4 Ned7 17. Qxd6 b4 18. e5 bxc3 19. exf6 Rb6 20. Qd1 Rxf6 21. a4
Qa5 22. Bf2 Rxe1+ 23. Qxe1 Re6 24. Qd1 Nf6 25. Rc1 Ne4 26. Bxe4 Rxe4 27. Qd5
Re2 28. Bxc5 Bb7 29. b4 Qa8 30. Qc4 Ba6 0-1

[Event "EuroTeams 2007 (Women)"]
[Site "Crete, Greece"]
[Date "2007.10.28"]
[Round "1.7.3"]
[White "Michna, Marta"]
[Black "Franciskovic, Borka"]
[Result "1-0"]
[WhiteElo "2375"]
[BlackElo "2227"]
[PlyCount "61"]
[EventDate "2007.10.28"]
[WhiteTeam "Germany"]
[BlackTeam "Croatia"]
[WhiteTeamCountry "GER"]
[BlackTeamCountry "CRO"]

1. d4 Nf6 2. Bg5 e6 3. e4 h6 4. Bxf6 Qxf6 5. c3 d6 6. Nf3 e5 7. dxe5 dxe5 8.
Nbd2 Be6 9. Be2 Nd7 10. O-O Be7 11. Qc2 O-O 12. Nc4 Bxc4 13. Bxc4 Bc5 14. Rad1
Rad8 15. b4 Bb6 16. Qe2 Rfe8 17. Rd3 Nf8 18. Rfd1 Ng6 19. g3 Rxd3 20. Rxd3 Rd8
21. Rxd8+ Qxd8 22. h4 Qd6 23. h5 Ne7 24. Nh4 Qc6 25. Nf3 Qd6 26. Nh2 a5 27. Ng4
Kf8 28. a3 Ke8 29. Bb3 f6 30. Qc4 Kd7 31. Qf7 {75 moves} 1-0